Physical education 4 : (Record no. 1009)
[ view plain ]
| 000 -LEADER | |
|---|---|
| fixed length control field | 00760nam a22002417a 4500 |
| 008 - FIXED-LENGTH DATA ELEMENTS--GENERAL INFORMATION | |
| fixed length control field | 160206b xxu||||| |||| 00| 0 eng d |
| 020 ## - INTERNATIONAL STANDARD BOOK NUMBER | |
| International Standard Book Number | 978-971-0161-04-1 |
| 082 ## - DEWEY DECIMAL CLASSIFICATION NUMBER | |
| Edition number | 2013 |
| Classification number | DFil 796.06 |
| Item number | P96 |
| 100 ## - MAIN ENTRY--PERSONAL NAME | |
| 9 (RLIN) | 2660 |
| Personal name | Calicdan, Antonio V. |
| 245 ## - TITLE STATEMENT | |
| Title | Physical education 4 : |
| Remainder of title | team sports/ |
| Statement of responsibility, etc. | Antonio V. Calicdan..[and 5 others] |
| 260 ## - PUBLICATION, DISTRIBUTION, ETC. (IMPRINT) | |
| Place of publication, distribution, etc. | Malabon City: |
| Name of publisher, distributor, etc. | Jimczyville Publications, |
| Date of publication, distribution, etc. | c2013. |
| 300 ## - PHYSICAL DESCRIPTION | |
| Extent | vi, 348 pages; |
| Dimensions | 24 cm. |
| 650 #0 - SUBJECT ADDED ENTRY--TOPICAL TERM | |
| 9 (RLIN) | 2666 |
| Topical term or geographic name as entry element | Ball games. |
| 658 #0 - INDEX TERM--CURRICULUM OBJECTIVE | |
| Main curriculum objective | Volleyball. |
| 658 #0 - INDEX TERM--CURRICULUM OBJECTIVE | |
| Main curriculum objective | Basketball. |
| 700 ## - ADDED ENTRY--PERSONAL NAME | |
| 9 (RLIN) | 2661 |
| Personal name | Sison, Robert G. |
| 700 ## - ADDED ENTRY--PERSONAL NAME | |
| 9 (RLIN) | 2662 |
| Personal name | Cacho, Rene D. |
| 700 ## - ADDED ENTRY--PERSONAL NAME | |
| 9 (RLIN) | 2663 |
| Personal name | Coronongan, Melanie B. |
| 700 ## - ADDED ENTRY--PERSONAL NAME | |
| 9 (RLIN) | 2664 |
| Personal name | Alpez, June C. |
| 700 ## - ADDED ENTRY--PERSONAL NAME | |
| 9 (RLIN) | 2665 |
| Personal name | Kon-ek, Arlene B. |
| 365 ## - TRADE PRICE | |
| Price amount | 550.00 |
| Currency code | PHP. |
| 942 ## - ADDED ENTRY ELEMENTS (KOHA) | |
| Source of classification or shelving scheme | Dewey Decimal Classification |
| Koha item type | Filipiniana |
| Withdrawn status | Lost status | Source of classification or shelving scheme | Damaged status | Not for loan | Collection code | Home library | Current library | Shelving location | Date acquired | Source of acquisition | Total Checkouts | Full call number | Barcode | Date last seen | Date last checked out | Copy number | Price effective from | Koha item type |
|---|---|---|---|---|---|---|---|---|---|---|---|---|---|---|---|---|---|---|
| Dewey Decimal Classification | Filipiniana | UM Digos College - LIC | UM Digos College - LIC | Book Cart | 09/25/2014 | Purchased | 16 | DFil 796.06 P96 2013 | 22754 | 05/15/2025 | 05/03/2023 | 2 | 02/06/2016 | Filipiniana | ||||
| Dewey Decimal Classification | Filipiniana | UM Digos College - LIC | UM Digos College - LIC | Book Cart | 09/25/2014 | Purchased | 4 | DFil 796.06 P96 2013 | 22753 | 05/15/2025 | 11/14/2017 | 1 | 02/06/2016 | Filipiniana |
